000 00509nam a2200181Ia 4500
008 090122s9999 xx 000 0 und d
082 _b13158
_a891.4683
100 _aधर्माप्ररीकर
_bमधुकर
245 _aरुप
260 _bयश
_c2008
300 _a140
501 _aललित वितरण
600 _aधर्माप्ररीकर
630 _aरुप
700 _aधर्माप्ररीकर
730 _aरुप
942 _cBOOK
999 _c37235
_d37235